16.50 TRENİ (Record no. 1222298)

MARC details
000 -LEADER
sabit uzunluktaki kontrol alanı 00241nam a2200097Ia 4500
001 - KONTROL NUMARASI
kontrol alanı 1222298
005 - EN SON İŞLEMİN TARİH VE ZAMANI
kontrol alanı 20250827092845.0
008 - SABİT-UZUNLUKTA VERİ ÖĞELERİ--GENEL BİLGİ
sabit uzunluktaki kontrol alanı 250824s9999 xx 000 0 und d
245 #0 - ESER / YAZAR
ESER ADI 16.50 TRENİ
Yazar Adı AGATHA CHRİSTİE
260 ## - YAYIN, DAĞITIM, VB.
YAYIN EVİ ALTIN KİTAPLAR
Holdings
Düşüm durumu Kayıp durumu Hasar Durumu Ödünç verilmez Ana kütüphane Geçerli Kütüphane Edinilen tarih Toplam ödünç verme sayısı Barkod Son görüntüleme tarihi Fiyatın geçerli olmaya başladığı tarih Koha materyal türü
        SELAHADDİN EYYUBİ ANADOLU LİSESİ SELAHADDİN EYYUBİ ANADOLU LİSESİ 24.08.2025   102222607 27.08.2025 27.08.2025 Books